| 000 | 00857nac a22003017a 4500 | ||
|---|---|---|---|
| 001 | BR0002295 | ||
| 003 | BR-BrBNA | ||
| 005 | 20240105122407.0 | ||
| 008 | 230509b bl.|||m| |||| 00| 0 por d | ||
| 040 |
_aBR-BrBNA _bpor _cBiblioteca Nacional de Agricultura |
||
| 072 | _aH10 | ||
| 090 | _a1105 BR0002295 | ||
| 100 | 1 | _aOliveira, M.A.S. | |
| 100 | 1 | _aIcuma, I.M. | |
| 100 | 1 | _aOliveira, J.N.S. | |
| 100 | 1 | _aJunqueira, N.T.V. | |
| 100 | 1 | _aAsayama, T. | |
| 110 | 1 | _aEMBRAPA Cerrados, Planaltina, DF (Brasil) | |
| 245 | 1 | _aPrincipais pragas da graviola no cerrado | |
| 260 | 3 |
_aPlanaltina, DF (Brasil): _c1999. |
|
| 300 | _a2 p. | ||
| 490 |
_aGuia Tecnico do Produtor Rural (Brazil) _vno. 21 _x |
||
| 650 | _aGraviola | ||
| 650 | _aBroca | ||
| 650 | _aCerrado | ||
| 909 |
_a202312 _bLúcia Elande _c55 _dLúcia Elande |
||
| 942 |
_2AGRIS _n0 _cMS |
||
| 999 |
_c290796 _d290796 |
||